[Event "Avoine op 28th"]
[Site "Avoine"]
[Date "2013.07.27"]
[Round "8"]
[White "Yche, Michel"]
[Black "Hutois, Mickael"]
[Result "0-1"]
[WhiteElo "1950"]
[BlackElo "2142"]
[PlyCount "64"]
[EventDate "2013.07.20"]
[EventType "swiss"]
[EventRounds "9"]
[EventCountry "FRA"]
[SourceTitle "CBM 155 Extra"]
[Source "ChessBase"]
[SourceDate "2013.08.26"]
[SourceVersion "1"]
[SourceVersionDate "2013.08.26"]
[SourceQuality "1"]

1. e4 e5 2. f4 exf4 3. Nf3 d5 4. exd5 Nf6 5. Bc4 c6 6. dxc6 Nxc6 7. c3 Bg4 8. 0-0 Bd6 9. Re1+ Ne7 10. Qb3 0-0 11. Ng5 Bh5 12. d4 h6 13. Ne4 Nxe4 14. Rxe4 f3 15. g3 Qc7 16. Bf4 Bxf4 17. Rxf4 g5 18. Re4 Nf5 19. Re5 Nd6 20. Nd2 Rae8 21. Rae1 Rxe5 22. Rxe5 Re8 23. Rxe8+ Nxe8 24. Kf2 Nf6 25. h3 g4 26. hxg4 Nxg4+ 27. Kxf3 Qe7 28. Nf1 Qf6+ 29. Kg2 Qf2+ 30. Kh3 Qf3 31. Bd5 Qxf1+ 32. Kh4 Nf2 0-1

[Event "Avoine op 27th"]
[Site "Avoine"]
[Date "2012.07.28"]
[Round "8"]
[White "Lebret, Jean Michel"]
[Black "Yche, Michel"]
[Result "1-0"]
[WhiteElo "2101"]
[BlackElo "1949"]
[PlyCount "83"]
[EventDate "2012.07.21"]
[EventType "swiss"]
[EventRounds "9"]
[EventCountry "FRA"]
[SourceTitle "CBM 149 Extra"]
[Source "ChessBase"]
[SourceDate "2012.08.24"]
[SourceVersion "1"]
[SourceVersionDate "2012.08.24"]
[SourceQuality "1"]

1. e4 e6 2. d4 d5 3. e5 c5 4. c3 Nc6 5. Nf3 Qb6 6. a3 Nh6 7. b4 cxd4 8. cxd4 Nf5 9. Bb2 Bd7 10. Be2 Rc8 11. 0-0 a6 12. Kh1 h5 13. Nc3 Ncxd4 14. Nxd5 exd5 15. Nxd4 Nxd4 16. Bxd4 Qe6 17. f4 g6 18. Bd3 Rh7 19. f5 gxf5 20. Bxf5 Qxf5 21. Rxf5 Bxf5 22. Rc1 Rh6 23. Rxc8+ Bxc8 24. h3 Rc6 25. Qxh5 Bh6 26. g4 Bc1 27. Qh8+ Kd7 28. Qf8 Rh6 29. Bc5 Bg5 30. Kg2 b6 31. Bd6 Re6 32. Qxf7+ Be7 33. Bxe7 Rxe7 34. Qxd5+ Ke8 35. Qc6+ Bd7 36. Qxb6 Re6 37. Qb8+ Ke7 38. Kg3 Rc6 39. Qh8 Rc3+ 40. Kf4 Rxa3 41. Qf6+ Ke8 42. e6 1-0

[Event "Avoine op 27th"]
[Site "Avoine"]
[Date "2012.07.27"]
[Round "7"]
[White "Bouget, Alexandre"]
[Black "Yche, Michel"]
[Result "1-0"]
[WhiteElo "2202"]
[BlackElo "1949"]
[PlyCount "191"]
[EventDate "2012.07.21"]
[EventType "swiss"]
[EventRounds "9"]
[EventCountry "FRA"]
[SourceTitle "CBM 149 Extra"]
[Source "ChessBase"]
[SourceDate "2012.08.24"]
[SourceVersion "1"]
[SourceVersionDate "2012.08.24"]
[SourceQuality "1"]

1. d4 Nf6 2. c4 e5 3. dxe5 Ng4 4. e3 d6 5. exd6 Bxd6 6. Nf3 Nc6 7. Be2 0-0 8. Bd2 Nce5 9. Bc3 Nxf3+ 10. Bxf3 Qh4 11. Bxg4 Qxg4 12. Qxg4 Bxg4 13. Nd2 Rfe8 14. h3 Bh5 15. 0-0 f5 16. Rfe1 Bf7 17. b3 a5 18. Nf3 a4 19. Nd4 Be5 20. Nb5 c6 21. Nd4 g6 22. Red1 f4 23. exf4 Bg7 24. Rac1 Re4 25. Nf3 Bxc3 26. Rxc3 axb3 27. axb3 Rxf4 28. Rd7 b5 29. cxb5 cxb5 30. Ng5 Be8 31. Re7 h6 32. Ne6 Rf7 33. Rcc7 Rxe7 34. Rxe7 Bf7 35. Nd4 Ra1+ 36. Kh2 Rd1 37. Nxb5 Bxb3 38. Nc3 Rd2 39. Ne4 Rc2 40. Nf6+ Kf8 41. Rb7 Bf7 42. Kg3 Rc3+ 43. f3 Rc2 44. Ng4 h5 45. Ne5 Be8 46. h4 Ra2 47. Nd3 Rd2 48. Nc5 Rd6 49. Kf4 Rf6+ 50. Ke5 Rf5+ 51. Kd6 Bf7 52. Nd7+ Kg8 53. Ne5 Rf6+ 54. Kc5 Be8 55. Rb8 Rf8 56. Kd6 Kg7 57. Nd7 Rg8 58. g4 hxg4 59. fxg4 Bf7 60. Rb7 Re8 61. Nc5 Rd8+ 62. Nd7 Re8 63. Rc7 Re6+ 64. Kd5 Ra6+ 65. Kc5 Re6 66. Kd4 Re7 67. g5 Be8 68. Nc5 Rxc7 69. Ne6+ Kf7 70. Nxc7 Ba4 71. Ke5 Bc2 72. Nb5 Ke7 73. Nd4 Bb1 74. Ne6 Bc2 75. Nf4 Bb1 76. Nd5+ Kf7 77. Kd6 Bc2 78. Ne3 Bb1 79. Ng4 Bc2 80. Ne5+ Kg7 81. Ke7 Bb1 82. Nf3 Bc2 83. Nd4 Bb1 84. Ne6+ Kg8 85. Kf6 Bc2 86. Nf4 Kh7 87. Kf7 Bb3+ 88. Ne6 Bc2 89. Kf6 Bb1 90. Nf8+ Kg8 91. Nxg6 Bc2 92. Ne7+ Kh8 93. g6 Bb3 94. h5 Ba2 95. Kg5 Bb3 96. Kh6 1-0

[Event "Avoine op 27th"]
[Site "Avoine"]
[Date "2012.07.22"]
[Round "2"]
[White "Hutois, Mickael"]
[Black "Yche, Michel"]
[Result "1-0"]
[WhiteElo "2153"]
[BlackElo "1949"]
[PlyCount "89"]
[EventDate "2012.07.21"]
[EventType "swiss"]
[EventRounds "9"]
[EventCountry "FRA"]
[SourceTitle "CBM 149 Extra"]
[Source "ChessBase"]
[SourceDate "2012.08.24"]
[SourceVersion "1"]
[SourceVersionDate "2012.08.24"]
[SourceQuality "1"]

1. e4 e6 2. d4 d5 3. Nc3 Bb4 4. exd5 exd5 5. Bd3 Ne7 6. Qf3 Nbc6 7. Nge2 Be6 8. Be3 Qd7 9. h3 Nf5 10. 0-0-0 Nxe3 11. fxe3 0-0-0 12. Rhf1 Kb8 13. a3 Be7 14. e4 Bf6 15. exd5 Bxd5 16. Nxd5 Qxd5 17. Qxd5 Rxd5 18. c3 Rd7 19. Kc2 Bg5 20. Ng3 g6 21. Ne4 Bd8 22. g4 h5 23. g5 h4 24. Rf4 Rh5 25. Rg1 Rh8 26. Rgg4 Rd5 27. Rxh4 Rxh4 28. Rxh4 a6 29. Rh8 Ka7 30. h4 Rf5 31. b4 Be7 32. Re8 b5 33. Kd2 Kb6 34. Ke3 Rd5 35. Rh8 Rd7 36. Rh7 Bd8 37. Kf4 Re7 38. Nf6 Re1 39. Nd5+ Kb7 40. Rxf7 Rh1 41. Kg3 Rg1+ 42. Kh2 Rd1 43. Bxg6 Nxd4 44. cxd4 Rxd4 45. Kg3 1-0

[Event "Ile et Vilaine-ch"]
[Site "Ile et Vilaine"]
[Date "2002.11.09"]
[Round "2"]
[White "Mahe, Romain"]
[Black "Yche, Michel"]
[Result "0-1"]
[WhiteElo "1780"]
[BlackElo "2030"]
[PlyCount "124"]
[EventDate "2002.10.19"]
[EventType "swiss"]
[EventRounds "7"]
[EventCountry "FRA"]
[SourceTitle "EXT 2008"]
[Source "ChessBase"]
[SourceDate "2007.11.25"]
[SourceVersion "1"]
[SourceVersionDate "2007.11.25"]
[SourceQuality "1"]

1. e4 e6 2. d4 d5 3. Nc3 Bb4 4. e5 c5 5. a3 Bxc3+ 6. bxc3 Qc7 7. Qg4 f6 8. exf6 Nxf6 9. Bb5+ Nc6 10. Bxc6+ bxc6 11. Qg3 Qxg3 12. hxg3 Ne4 13. Ne2 0-0 14. f3 Nd6 15. Rb1 Ba6 16. Bf4 Nc4 17. Rb3 Bb5 18. Kf2 a5 19. Bc1 Ba4 20. Rb7 Bxc2 21. Re7 Rae8 22. Rc7 Ba4 23. Nf4 e5 24. dxe5 Nxe5 25. Be3 h6 26. Ra7 Bb5 27. Rxa5 Nc4 28. Rxb5 cxb5 29. Bxc5 Rf5 30. Rb1 g5 31. Nd3 Nd2 32. Rxb5 Ne4+ 33. Kg1 Nxc3 34. Rb6 h5 35. Rh6 g4 36. fxg4 Ne2+ 37. Kh2 hxg4 38. Rg6+ Kf7 39. Rxg4 Rg8 40. Rh4 Nxg3 41. Nf4 Ne4 42. Bd4 Nf6 43. Nd3 Rgg5 44. a4 Rh5 45. Rxh5 Rxh5+ 46. Kg1 Rh4 47. Ne5+ Ke6 48. Nf3 Rh8 49. a5 Ra8 50. Bc3 Ne4 51. Be1 Kd6 52. Kf1 Kc5 53. Ke2 Re8 54. Kd3 Rb8 55. Nd4 Rb1 56. Bh4 Rd1+ 57. Ke2 Rxd4 58. g4 Ra4 59. Bd8 Nd6 60. g5 Nb7 61. Bb6+ Kd6 62. g6 Ke6 0-1